Porovnanie priestorovej klasifikácie priemyselných podnikov podľa efektívnosti v rokoch 2003 a 2004
Priestorová klasifikácia priemyselných podnikov podľa efektívnosti. Hodnotenie jednotlivých zhlukov objektov pomocou niektorej z metód viackriteriálneho hodnotenia a ich porovnanie.
Na minha lista:
| Autor principal: | |
|---|---|
| Formato: | Capítulo de Livro |
| Idioma: | eslovaco |
| Assuntos: | |
| Tags: |
Sem tags, seja o primeiro a adicionar uma tag!
|
MARC
| LEADER | 00000naa$a2200000$$$4500 | ||
|---|---|---|---|
| 001 | 0043655 | ||
| 005 | 20240502071520.4 | ||
| 041 | 0 | |a slo | |
| 044 | |a SK | ||
| 245 | 1 | 0 | |a Porovnanie priestorovej klasifikácie priemyselných podnikov podľa efektívnosti v rokoch 2003 a 2004 |c Mária Vojtková |
| 520 | |a Priestorová klasifikácia priemyselných podnikov podľa efektívnosti. Hodnotenie jednotlivých zhlukov objektov pomocou niektorej z metód viackriteriálneho hodnotenia a ich porovnanie. | ||
| 610 | 2 | 0 | |a analýza zhluková |
| 610 | 2 | 0 | |a rozhodovanie viackriteriálne |
| 610 | 2 | 0 | |a metódy štatistické |
| 610 | 2 | 0 | |a podnik priemyselný |
| 610 | 2 | 0 | |a efektívnosť |
| 610 | 2 | 0 | |a analýza štatistická |
| 610 | 2 | 0 | |a klaster |
| 100 | 1 | |a Vojtková, Mária, 1966- | |